[Event "Grand Swiss "]
[Date "2025.09.05"]
[White "Kuzubov, Yuriy"]
[Black "Wojtaszek, Radoslaw"]
[WhiteElo "2600"]
[BlackElo "2661"]
[Round "2.2.36"]
[Result "1-0"]

1. d4 {[%clk 01:40:56] [%emt 00:00:03]} Nf6 {[%clk 01:40:57] [%emt 00:00:04]} 2.
c4 {[%clk 01:41:18] [%emt 00:00:07]} e6 {[%clk 01:41:25] [%emt 00:00:03]} 3. Nf3
{[%clk 01:41:27] [%emt 00:00:21]} d5 {[%clk 01:41:52] [%emt 00:00:03]} 4. g3
{[%clk 01:41:49] [%emt 00:00:08]} Bb4+ {[%clk 01:42:08] [%emt 00:00:15]} 5. Bd2
{[%clk 01:42:11] [%emt 00:00:06]} Be7 {[%clk 01:42:26] [%emt 00:00:13]} 6. Bg2
{[%clk 01:42:24] [%emt 00:00:17]} Nbd7 {[%clk 01:42:43] [%emt 00:00:13]} 7. Qc2
{[%clk 01:41:41] [%emt 00:01:12]} c6 {[%clk 01:42:42] [%emt 00:00:32]} 8. Bf4
{[%clk 01:40:04] [%emt 00:02:06]} O-O {[%clk 01:42:53] [%emt 00:00:19]} 9. Nbd2
{[%clk 01:40:24] [%emt 00:00:10]} c5 {[%clk 01:33:34] [%emt 00:09:50]} 10. dxc5
{[%clk 01:36:55] [%emt 00:03:59]} Nxc5 {[%clk 01:33:38] [%emt 00:00:25]} 11. O-O
{[%clk 01:33:32] [%emt 00:03:53]} b6 {[%clk 01:23:28] [%emt 00:10:41]} 12. b4
{[%clk 01:23:54] [%emt 00:10:08]} Ncd7 {[%clk 01:23:43] [%emt 00:00:14]} 13. Qb2
{[%clk 00:54:18] [%emt 00:30:07]} Bb7 {[%clk 01:18:45] [%emt 00:05:28]} 14. Rac1
{[%clk 00:53:51] [%emt 00:00:56]} Rc8 {[%clk 00:58:47] [%emt 00:20:29]} 15. Rfd1
{[%clk 00:48:00] [%emt 00:06:20]} Qe8 {[%clk 00:57:39] [%emt 00:01:39]} 16. Ne5
{[%clk 00:35:13] [%emt 00:13:17]} Nh5 {[%clk 00:49:08] [%emt 00:09:01]} 17. Nd3
{[%clk 00:28:09] [%emt 00:07:34]} Nhf6 {[%clk 00:45:10] [%emt 00:04:28]} 18. Be3
{[%clk 00:19:31] [%emt 00:09:08]} Ba8 {[%clk 00:36:29] [%emt 00:09:11]} 19. Bd4
{[%clk 00:16:00] [%emt 00:04:00]} dxc4 {[%clk 00:32:26] [%emt 00:04:34]} 20.
Nxc4 {[%clk 00:16:23] [%emt 00:00:08]} Bxg2 {[%clk 00:32:48] [%emt 00:00:07]}
21. Kxg2 {[%clk 00:16:49] [%emt 00:00:03]} Rc7 {[%clk 00:24:44] [%emt 00:08:35]}
22. b5 {[%clk 00:14:56] [%emt 00:02:23]} a6 {[%clk 00:20:06] [%emt 00:05:08]}
23. a4 {[%clk 00:13:54] [%emt 00:01:32]} axb5 {[%clk 00:20:12] [%emt 00:00:25]}
24. axb5 {[%clk 00:13:26] [%emt 00:00:57]} Qc8 {[%clk 00:19:38] [%emt 00:01:04]}
25. Qb3 {[%clk 00:09:39] [%emt 00:04:17]} Nc5 {[%clk 00:12:38] [%emt 00:07:30]}
26. Bxc5 {[%clk 00:08:06] [%emt 00:02:03]} Bxc5 {[%clk 00:12:55] [%emt
00:00:13]} 27. Nce5 {[%clk 00:07:36] [%emt 00:01:00]} Re8 {[%clk 00:08:29] [%emt
00:04:56]} 28. Nc6 {[%clk 00:07:41] [%emt 00:00:25]} Bf8 {[%clk 00:07:27] [%emt
00:01:32]} 29. Nde5 {[%clk 00:07:38] [%emt 00:00:33]} Nd5 {[%clk 00:06:52] [%emt
00:01:05]} 30. e4 {[%clk 00:03:18] [%emt 00:04:50]} Nb4 {[%clk 00:06:12] [%emt
00:01:11]} 31. Rc4 {[%clk 00:02:44] [%emt 00:01:03]} Nxc6 {[%clk 00:06:25] [%emt
00:00:17]} 32. Nxc6 {[%clk 00:02:53] [%emt 00:00:21]} Bc5 {[%clk 00:06:22] [%emt
00:00:33]} 33. Qd3 {[%clk 00:02:45] [%emt 00:00:37]} Qa8 {[%clk 00:04:38] [%emt
00:02:14]} 34. h4 {[%clk 00:02:17] [%emt 00:00:58]} h6 {[%clk 00:05:06] [%emt
00:00:04]} 35. h5 {[%clk 00:02:29] [%emt 00:00:17]} Qa2 {[%clk 00:04:11] [%emt
00:01:25]} 36. Rc2 {[%clk 00:02:00] [%emt 00:00:59]} Qa8 {[%clk 00:03:27] [%emt
00:01:14]} 37. Rcd2 {[%clk 00:01:58] [%emt 00:00:32]} Qa4 {[%clk 00:03:11] [%emt
00:00:47]} 38. Qe2 {[%clk 00:01:57] [%emt 00:00:30]} Kh7 {[%clk 00:02:19] [%emt
00:01:22]} 39. e5 {[%clk 00:01:31] [%emt 00:00:56]} Rf8 {[%clk 00:01:20] [%emt
00:01:30]} 40. Rd8 {[%clk 00:00:55] [%emt 00:01:05]} Rc8 {[%clk 00:01:03] [%emt
00:00:47]} 41. R8d7 {[%clk 00:00:52] [%emt 00:00:33]} Ra8 {[%clk 00:46:34] [%emt
00:04:59]} 42. f4 {[%clk 00:34:12] [%emt 00:17:10]} Kg8 {[%clk 00:38:51] [%emt
00:08:13]} 43. Kh3 {[%clk 00:23:45] [%emt 00:10:56]} Qb3 {[%clk 00:37:42] [%emt
00:01:39]} 44. Ra7 {[%clk 00:16:07] [%emt 00:08:09]} Rxa7 {[%clk 00:31:18] [%emt
00:06:55]} 45. Nxa7 {[%clk 00:16:32] [%emt 00:00:04]} Ra8 {[%clk 00:31:29] [%emt
00:00:18]} 46. Rd7 {[%clk 00:16:11] [%emt 00:00:52]} Qb1 {[%clk 00:26:04] [%emt
00:05:54]} 47. Qf3 {[%clk 00:15:12] [%emt 00:01:29]} Rf8 {[%clk 00:26:30] [%emt
00:00:05]} 48. Rd1 {[%clk 00:09:22] [%emt 00:06:19]} Qf5+ {[%clk 00:25:58] [%emt
00:01:02]} 49. g4 {[%clk 00:07:25] [%emt 00:02:27]} Qc2 {[%clk 00:26:18] [%emt
00:00:10]} 50. Nc6 {[%clk 00:01:44] [%emt 00:06:11]} Qb2 {[%clk 00:26:46] [%emt
00:00:02]} 51. g5 {[%clk 00:01:28] [%emt 00:00:46]} Qxb5 {[%clk 00:21:57] [%emt
00:05:20]} 52. gxh6 {[%clk 00:01:54] [%emt 00:00:04]} gxh6 {[%clk 00:22:10]
[%emt 00:00:17]} 53. f5 {[%clk 00:01:00] [%emt 00:01:24]} Qc4 {[%clk 00:18:51]
[%emt 00:03:49]} 54. f6 {[%clk 00:01:04] [%emt 00:00:26]} Kh7 {[%clk 00:15:58]
[%emt 00:03:22]} 55. Nd8 {[%clk 00:00:47] [%emt 00:00:48]} Qb5 {[%clk 00:09:48]
[%emt 00:06:40]} 56. Rd2 {[%clk 00:00:40] [%emt 00:00:37]} Qe8 {[%clk 00:08:50]
[%emt 00:01:28]} 57. Qe4+ {[%clk 00:00:52] [%emt 00:00:17]} Kh8 {[%clk 00:09:18]
[%emt 00:00:02]} 58. Qg2 {[%clk 00:01:06] [%emt 00:00:16]} Rg8 {[%clk 00:09:25]
[%emt 00:00:23]} 59. Qb7 {[%clk 00:01:24] [%emt 00:00:13]} Rf8 {[%clk 00:08:39]
[%emt 00:01:16]} 60. Rd7 {[%clk 00:01:39] [%emt 00:00:15]} 1-0

[Site "Europe Echecs"]

[Event "Grand Swiss "]
[Date "2025.09.05"]
[White "Oparin, Grigoriy"]
[Black "Daneshvar, Bardiya"]
[WhiteElo "2660"]
[BlackElo "2598"]
[Round "2.2.37"]
[Result "1-0"]

1. e4 {[%clk 01:40:58] [%emt 00:00:02]} e5 {[%clk 01:40:57] [%emt 00:00:03]} 2.
Nf3 {[%clk 01:41:23] [%emt 00:00:04]} Nf6 {[%clk 01:41:24] [%emt 00:00:04]} 3.
Nxe5 {[%clk 01:40:41] [%emt 00:01:12]} d6 {[%clk 01:41:49] [%emt 00:00:05]} 4.
Nf3 {[%clk 01:41:02] [%emt 00:00:08]} Nxe4 {[%clk 01:42:15] [%emt 00:00:05]} 5.
d4 {[%clk 01:41:28] [%emt 00:00:04]} d5 {[%clk 01:42:40] [%emt 00:00:05]} 6. Bd3
{[%clk 01:41:54] [%emt 00:00:04]} Bd6 {[%clk 01:43:07] [%emt 00:00:03]} 7. O-O
{[%clk 01:41:13] [%emt 00:01:10]} O-O {[%clk 01:43:32] [%emt 00:00:05]} 8. c4
{[%clk 01:41:16] [%emt 00:00:27]} c6 {[%clk 01:43:59] [%emt 00:00:04]} 9. Qc2
{[%clk 01:40:57] [%emt 00:00:49]} h6 {[%clk 01:44:16] [%emt 00:00:13]} 10. Re1
{[%clk 01:39:13] [%emt 00:02:14]} Be6 {[%clk 01:42:30] [%emt 00:02:16]} 11. b3
{[%clk 01:32:09] [%emt 00:07:35]} Bb4 {[%clk 01:42:05] [%emt 00:00:56]} 12. Nbd2
{[%clk 01:32:03] [%emt 00:00:36]} Nxd2 {[%clk 01:42:14] [%emt 00:00:21]} 13.
Bxd2 {[%clk 01:31:22] [%emt 00:01:10]} Bxd2 {[%clk 01:37:14] [%emt 00:05:30]}
14. Qxd2 {[%clk 01:31:48] [%emt 00:00:04]} Nd7 {[%clk 01:36:41] [%emt 00:01:03]}
15. c5 {[%clk 01:23:29] [%emt 00:08:49]} Re8 {[%clk 01:30:10] [%emt 00:07:00]}
16. Re3 {[%clk 01:16:01] [%emt 00:07:58]} Bg4 {[%clk 01:25:48] [%emt 00:04:52]}
17. Rxe8+ {[%clk 01:13:48] [%emt 00:02:44]} Qxe8 {[%clk 01:26:11] [%emt
00:00:07]} 18. Re1 {[%clk 01:14:15] [%emt 00:00:02]} Qf8 {[%clk 01:20:54] [%emt
00:05:48]} 19. Ne5 {[%clk 01:14:19] [%emt 00:00:26]} Nxe5 {[%clk 01:19:23] [%emt
00:02:02]} 20. Rxe5 {[%clk 01:14:43] [%emt 00:00:05]} Re8 {[%clk 01:14:11] [%emt
00:05:42]} 21. Qe3 {[%clk 01:12:12] [%emt 00:03:01]} Rxe5 {[%clk 01:05:58] [%emt
00:08:44]} 22. Qxe5 {[%clk 01:12:29] [%emt 00:00:13]} Qd8 {[%clk 01:03:07] [%emt
00:03:21]} 23. b4 {[%clk 01:10:05] [%emt 00:02:55]} a6 {[%clk 00:55:09] [%emt
00:08:28]} 24. f3 {[%clk 01:01:21] [%emt 00:09:14]} Be6 {[%clk 00:47:45] [%emt
00:07:54]} 25. g3 {[%clk 01:00:24] [%emt 00:01:27]} Kf8 {[%clk 00:43:19] [%emt
00:04:56]} 26. Kf2 {[%clk 01:00:03] [%emt 00:00:50]} Qd7 {[%clk 00:36:21] [%emt
00:07:28]} 27. Qb8+ {[%clk 00:58:21] [%emt 00:02:12]} Qc8 {[%clk 00:35:23] [%emt
00:01:28]} 28. Qd6+ {[%clk 00:58:46] [%emt 00:00:06]} Kg8 {[%clk 00:34:32] [%emt
00:01:22]} 29. g4 {[%clk 00:53:22] [%emt 00:05:54]} Qd7 {[%clk 00:34:11] [%emt
00:00:51]} 30. Qb8+ {[%clk 00:52:59] [%emt 00:00:53]} Qc8 {[%clk 00:34:37] [%emt
00:00:04]} 31. Qe5 {[%clk 00:53:18] [%emt 00:00:11]} Qd8 {[%clk 00:33:34] [%emt
00:01:33]} 32. Kg3 {[%clk 00:53:01] [%emt 00:00:47]} Kf8 {[%clk 00:33:06] [%emt
00:00:59]} 33. h4 {[%clk 00:51:19] [%emt 00:02:12]} Kg8 {[%clk 00:33:21] [%emt
00:00:15]} 34. f4 {[%clk 00:50:10] [%emt 00:01:38]} Bd7 {[%clk 00:26:53] [%emt
00:06:58]} 35. g5 {[%clk 00:19:30] [%emt 00:31:10]} hxg5 {[%clk 00:25:17] [%emt
00:02:06]} 36. fxg5 {[%clk 00:19:56] [%emt 00:00:05]} g6 {[%clk 00:17:42] [%emt
00:08:05]} 37. Kf4 {[%clk 00:17:56] [%emt 00:02:30]} Bh3 {[%clk 00:13:02] [%emt
00:05:10]} 38. Be2 {[%clk 00:16:50] [%emt 00:01:36]} a5 {[%clk 00:11:18] [%emt
00:02:15]} 39. b5 {[%clk 00:15:46] [%emt 00:01:34]} cxb5 {[%clk 00:07:00] [%emt
00:04:48]} 40. Bxb5 {[%clk 00:16:12] [%emt 00:00:04]} Bd7 {[%clk 00:06:40] [%emt
00:00:50]} 41. Be2 {[%clk 00:11:39] [%emt 00:05:02]} Bc6 {[%clk 00:44:17] [%emt
00:12:53]} 42. h5 {[%clk 00:59:04] [%emt 00:03:05]} gxh5 {[%clk 00:44:25] [%emt
00:00:22]} 43. Bxh5 {[%clk 00:59:29] [%emt 00:00:05]} a4 {[%clk 00:44:51] [%emt
00:00:04]} 44. a3 {[%clk 00:57:34] [%emt 00:02:25]} Qf8 {[%clk 00:28:35] [%emt
00:16:46]} 45. Ke3 {[%clk 00:49:35] [%emt 00:08:29]} Qc8 {[%clk 00:26:35] [%emt
00:02:30]} 46. Qf6 {[%clk 00:46:31] [%emt 00:03:34]} Qh3+ {[%clk 00:26:23] [%emt
00:00:42]} 47. Qf3 {[%clk 00:46:56] [%emt 00:00:04]} Qd7 {[%clk 00:24:53] [%emt
00:02:00]} 48. Kf2 {[%clk 00:39:29] [%emt 00:07:57]} Qc7 {[%clk 00:23:11] [%emt
00:02:13]} 49. Qg3 {[%clk 00:35:59] [%emt 00:04:00]} Qc8 {[%clk 00:20:54] [%emt
00:02:47]} 50. Qf4 {[%clk 00:35:20] [%emt 00:01:09]} Be8 {[%clk 00:17:37] [%emt
00:03:47]} 51. Qe5 {[%clk 00:34:42] [%emt 00:01:09]} Qd8 {[%clk 00:17:53] [%emt
00:00:14]} 52. Kg3 {[%clk 00:33:38] [%emt 00:01:34]} Bc6 {[%clk 00:17:49] [%emt
00:00:34]} 53. g6 {[%clk 00:22:45] [%emt 00:11:22]} Be8 {[%clk 00:13:49] [%emt
00:04:30]} 54. Bf3 {[%clk 00:22:33] [%emt 00:00:42]} Bc6 {[%clk 00:12:48] [%emt
00:01:32]} 55. gxf7+ {[%clk 00:22:37] [%emt 00:00:26]} Kxf7 {[%clk 00:13:16]
[%emt 00:00:01]} 56. Bh5+ {[%clk 00:22:46] [%emt 00:00:21]} Kg8 {[%clk 00:13:40]
[%emt 00:00:06]} 57. Bg6 {[%clk 00:22:47] [%emt 00:00:29]} Qf8 {[%clk 00:09:40]
[%emt 00:04:31]} 58. Bf5 {[%clk 00:22:45] [%emt 00:00:32]} Qg7+ {[%clk 00:07:41]
[%emt 00:02:29]} 59. Qxg7+ {[%clk 00:23:09] [%emt 00:00:06]} Kxg7 {[%clk
00:08:09] [%emt 00:00:01]} 60. Kf4 {[%clk 00:23:22] [%emt 00:00:17]} Kf6 {[%clk
00:06:38] [%emt 00:02:02]} 61. Bc8 {[%clk 00:23:38] [%emt 00:00:13]} Ke7 {[%clk
00:06:46] [%emt 00:00:22]} 62. Ke5 {[%clk 00:24:04] [%emt 00:00:04]} Kd8 {[%clk
00:07:12] [%emt 00:00:04]} 63. Be6 {[%clk 00:24:30] [%emt 00:00:04]} Kc7 {[%clk
00:07:38] [%emt 00:00:04]} 64. Bxd5 {[%clk 00:24:55] [%emt 00:00:05]} Bb5 {[%clk
00:06:13] [%emt 00:01:55]} 65. Be4 {[%clk 00:23:39] [%emt 00:01:45]} b6 {[%clk
00:06:37] [%emt 00:00:07]} 66. c6 {[%clk 00:23:18] [%emt 00:00:51]} Bxc6 {[%clk
00:06:43] [%emt 00:00:24]} 67. Bxc6 {[%clk 00:23:44] [%emt 00:00:04]} Kxc6
{[%clk 00:06:55] [%emt 00:00:17]} 68. Ke6 {[%clk 00:24:12] [%emt 00:00:02]} Kc7
{[%clk 00:03:36] [%emt 00:03:49]} 69. d5 {[%clk 00:24:38] [%emt 00:00:04]} Kd8
{[%clk 00:03:17] [%emt 00:00:49]} 70. Kd6 {[%clk 00:25:04] [%emt 00:00:04]} b5
{[%clk 00:03:30] [%emt 00:00:18]} 71. Kc5 {[%clk 00:25:31] [%emt 00:00:03]} Kd7
{[%clk 00:03:17] [%emt 00:00:43]} 72. Kxb5 {[%clk 00:25:57] [%emt 00:00:04]} Kd6
{[%clk 00:03:45] [%emt 00:00:03]} 73. Kxa4 {[%clk 00:26:22] [%emt 00:00:04]}
Kxd5 {[%clk 00:03:52] [%emt 00:00:23]} 74. Kb5 {[%clk 00:26:49] [%emt 00:00:03]}
1-0

[Site "Europe Echecs"]

[Event "Grand Swiss "]
[Date "2025.09.05"]
[White "Warmerdam, Max"]
[Black "Sadhwani, Raunak"]
[WhiteElo "2591"]
[BlackElo "2658"]
[Round "2.2.38"]
[Result "1/2-1/2"]

1. e4 {[%clk 01:40:56] [%emt 00:00:03]} e5 {[%clk 01:40:56] [%emt 00:00:05]} 2.
Nf3 {[%clk 01:41:21] [%emt 00:00:05]} Nc6 {[%clk 01:41:22] [%emt 00:00:04]} 3.
Bc4 {[%clk 01:41:45] [%emt 00:00:06]} Bc5 {[%clk 01:41:46] [%emt 00:00:07]} 4.
c3 {[%clk 01:41:56] [%emt 00:00:19]} Nf6 {[%clk 01:42:11] [%emt 00:00:05]} 5. d3
{[%clk 01:42:20] [%emt 00:00:06]} d6 {[%clk 01:42:34] [%emt 00:00:07]} 6. Bg5
{[%clk 01:42:38] [%emt 00:00:11]} h6 {[%clk 01:42:52] [%emt 00:00:12]} 7. Bh4
{[%clk 01:43:02] [%emt 00:00:05]} a5 {[%clk 01:43:12] [%emt 00:00:11]} 8. Nbd2
{[%clk 01:43:08] [%emt 00:00:23]} Ba7 {[%clk 01:43:30] [%emt 00:00:13]} 9. a4
{[%clk 01:43:30] [%emt 00:00:07]} Qe7 {[%clk 01:35:37] [%emt 00:08:23]} 10. O-O
{[%clk 01:42:20] [%emt 00:01:40]} g5 {[%clk 01:13:16] [%emt 00:22:51]} 11. Bg3
{[%clk 01:41:36] [%emt 00:01:13]} Nd7 {[%clk 01:13:21] [%emt 00:00:25]} 12. Bb5
{[%clk 01:41:34] [%emt 00:00:32]} O-O {[%clk 00:58:28] [%emt 00:15:23]} 13. Nc4
{[%clk 01:27:46] [%emt 00:14:17]} Nf6 {[%clk 00:38:48] [%emt 00:20:11]} 14. Re1
{[%clk 01:20:43] [%emt 00:07:33]} g4 {[%clk 00:33:28] [%emt 00:05:50]} 15. Bh4
{[%clk 01:06:32] [%emt 00:14:41]} Qe6 {[%clk 00:33:35] [%emt 00:00:23]} 16. Nfd2
{[%clk 00:52:47] [%emt 00:14:15]} Ne7 {[%clk 00:32:35] [%emt 00:01:30]} 17. Ne3
{[%clk 00:50:57] [%emt 00:02:19]} Bxe3 {[%clk 00:33:00] [%emt 00:00:05]} 18. Bc4
{[%clk 00:30:42] [%emt 00:20:45]} Bxf2+ {[%clk 00:32:40] [%emt 00:00:50]} 19.
Bxf2 {[%clk 00:31:07] [%emt 00:00:05]} Qd7 {[%clk 00:33:02] [%emt 00:00:08]} 20.
Nf1 {[%clk 00:30:33] [%emt 00:01:04]} Ng6 {[%clk 00:31:02] [%emt 00:02:30]} 21.
Qd2 {[%clk 00:28:13] [%emt 00:02:50]} Kh7 {[%clk 00:31:05] [%emt 00:00:27]} 22.
Be3 {[%clk 00:25:37] [%emt 00:03:06]} Ng8 {[%clk 00:27:48] [%emt 00:03:48]} 23.
Ng3 {[%clk 00:26:02] [%emt 00:00:05]} N6e7 {[%clk 00:22:03] [%emt 00:06:15]} 24.
Rf1 {[%clk 00:23:39] [%emt 00:02:53]} Qe8 {[%clk 00:19:41] [%emt 00:02:52]} 25.
Bxh6 {[%clk 00:20:09] [%emt 00:04:00]} Nxh6 {[%clk 00:20:00] [%emt 00:00:11]}
26. Rf6 {[%clk 00:20:20] [%emt 00:00:18]} Nhg8 {[%clk 00:20:03] [%emt 00:00:27]}
27. Raf1 {[%clk 00:08:27] [%emt 00:12:23]} Nxf6 {[%clk 00:15:43] [%emt
00:04:50]} 28. Rxf6 {[%clk 00:08:54] [%emt 00:00:03]} Ng8 {[%clk 00:16:10] [%emt
00:00:04]} 29. Nh5 {[%clk 00:07:15] [%emt 00:02:09]} Nxf6 {[%clk 00:16:35] [%emt
00:00:05]} 30. Qg5 {[%clk 00:06:59] [%emt 00:00:46]} Nxh5 {[%clk 00:16:59] [%emt
00:00:06]} 1/2-1/2

[Site "Europe Echecs"]

[Event "Grand Swiss "]
[Date "2025.09.05"]
[White "Grischuk, Alexander"]
[Black "Henriquez Villagra, Cristobal"]
[WhiteElo "2657"]
[BlackElo "2594"]
[Round "2.2.39"]
[Result "0-1"]

1. e4 {[%clk 01:40:55] [%emt 00:00:04]} c5 {[%clk 01:40:50] [%emt 00:00:10]} 2.
Nf3 {[%clk 01:41:16] [%emt 00:00:09]} e6 {[%clk 01:41:16] [%emt 00:00:05]} 3. d3
{[%clk 01:40:07] [%emt 00:01:39]} Nc6 {[%clk 01:35:35] [%emt 00:06:11]} 4. g3
{[%clk 01:39:56] [%emt 00:00:41]} d5 {[%clk 01:34:10] [%emt 00:01:55]} 5. Qe2
{[%clk 01:39:14] [%emt 00:01:12]} Nf6 {[%clk 01:32:06] [%emt 00:02:35]} 6. Bg2
{[%clk 01:38:41] [%emt 00:01:02]} Be7 {[%clk 01:25:39] [%emt 00:06:57]} 7. a4
{[%clk 01:37:29] [%emt 00:01:43]} dxe4 {[%clk 01:19:36] [%emt 00:06:32]} 8. dxe4
{[%clk 01:35:43] [%emt 00:02:16]} e5 {[%clk 01:20:03] [%emt 00:00:03]} 9. c3
{[%clk 01:35:00] [%emt 00:01:13]} O-O {[%clk 01:18:53] [%emt 00:01:40]} 10. O-O
{[%clk 01:34:01] [%emt 00:01:29]} a6 {[%clk 01:17:41] [%emt 00:01:42]} 11. Na3
{[%clk 01:28:37] [%emt 00:05:55]} Be6 {[%clk 01:10:41] [%emt 00:07:29]} 12. Nd2
{[%clk 01:16:20] [%emt 00:12:45]} Nd7 {[%clk 01:02:53] [%emt 00:08:20]} 13. f4
{[%clk 01:02:30] [%emt 00:14:20]} f6 {[%clk 00:59:32] [%emt 00:03:52]} 14. Rd1
{[%clk 00:46:54] [%emt 00:16:06]} exf4 {[%clk 00:44:02] [%emt 00:16:00]} 15.
gxf4 {[%clk 00:46:51] [%emt 00:00:32]} Qc7 {[%clk 00:44:27] [%emt 00:00:05]} 16.
Ndc4 {[%clk 00:41:32] [%emt 00:05:49]} Rad8 {[%clk 00:42:17] [%emt 00:02:39]}
17. Rf1 {[%clk 00:35:24] [%emt 00:06:39]} Bf7 {[%clk 00:40:14] [%emt 00:02:34]}
18. Nc2 {[%clk 00:24:34] [%emt 00:11:20]} Rfe8 {[%clk 00:38:09] [%emt 00:02:34]}
19. a5 {[%clk 00:15:59] [%emt 00:09:05]} Bf8 {[%clk 00:35:10] [%emt 00:03:29]}
20. b3 {[%clk 00:16:05] [%emt 00:00:24]} Kh8 {[%clk 00:32:27] [%emt 00:03:13]}
21. N2e3 {[%clk 00:15:28] [%emt 00:01:07]} Qb8 {[%clk 00:25:57] [%emt 00:07:00]}
22. Nf5 {[%clk 00:07:33] [%emt 00:08:25]} Be6 {[%clk 00:22:48] [%emt 00:03:40]}
23. Nh4 {[%clk 00:05:36] [%emt 00:02:26]} Rc8 {[%clk 00:16:22] [%emt 00:06:57]}
24. Be3 {[%clk 00:04:14] [%emt 00:01:52]} b5 {[%clk 00:16:45] [%emt 00:00:08]}
25. axb6 {[%clk 00:04:40] [%emt 00:00:04]} Nxb6 {[%clk 00:17:12] [%emt
00:00:03]} 26. Nd2 {[%clk 00:04:50] [%emt 00:00:19]} a5 {[%clk 00:17:34] [%emt
00:00:07]} 27. Kh1 {[%clk 00:03:53] [%emt 00:01:27]} Qc7 {[%clk 00:16:28] [%emt
00:01:36]} 28. Qf3 {[%clk 00:01:22] [%emt 00:03:00]} Rcd8 {[%clk 00:16:30] [%emt
00:00:29]} 29. Qe2 {[%clk 00:00:33] [%emt 00:01:20]} Qd7 {[%clk 00:13:55] [%emt
00:03:04]} 30. Rfe1 {[%clk 00:00:32] [%emt 00:00:30]} Qd3 {[%clk 00:11:46] [%emt
00:02:39]} 31. Qh5 {[%clk 00:00:53] [%emt 00:00:09]} Kg8 {[%clk 00:10:44] [%emt
00:01:33]} 32. e5 {[%clk 00:00:33] [%emt 00:00:51]} Bf7 {[%clk 00:10:49] [%emt
00:00:25]} 33. Qf3 {[%clk 00:00:34] [%emt 00:00:29]} Bd5 {[%clk 00:04:27] [%emt
00:06:52]} 34. Ne4 {[%clk 00:01:01] [%emt 00:00:02]} fxe5 {[%clk 00:04:48] [%emt
00:00:09]} 35. f5 {[%clk 00:01:13] [%emt 00:00:18]} Be7 {[%clk 00:04:10] [%emt
00:01:08]} 36. Qg4 {[%clk 00:00:35] [%emt 00:01:08]} h5 {[%clk 00:03:33] [%emt
00:01:07]} 37. Qxh5 {[%clk 00:00:32] [%emt 00:00:34]} Bxe4 {[%clk 00:03:55]
[%emt 00:00:07]} 38. Ra2 {[%clk 00:00:41] [%emt 00:00:21]} Qxc3 {[%clk 00:02:45]
[%emt 00:01:41]} 39. Rg1 {[%clk 00:00:31] [%emt 00:00:39]} Qxe3 {[%clk 00:02:45]
[%emt 00:00:30]} 40. Ng6 {[%clk 00:00:36] [%emt 00:00:25]} Bf6 {[%clk 00:02:21]
[%emt 00:00:54]} 41. Qh8+ {[%clk 00:45:16] [%emt 00:05:49]} Kf7 {[%clk 00:52:40]
[%emt 00:00:11]} 42. Qh5 {[%clk 00:45:42] [%emt 00:00:04]} Nd4 {[%clk 00:33:06]
[%emt 00:20:05]} 43. b4 {[%clk 00:42:13] [%emt 00:03:59]} Nxf5 {[%clk 00:26:02]
[%emt 00:07:34]} 44. Nxe5+ {[%clk 00:39:52] [%emt 00:02:51]} Ke6 {[%clk
00:25:54] [%emt 00:00:38]} 0-1

[Site "Europe Echecs"]